000 00341nam a2200133Ia 4500
005 20260328104253.0
008 260328s9999||||xx |||||||||||||| ||und||
100 _aBarbaux, Sophie
245 0 _aUrban Furniture :
_b A new City /
_cSophie Barbaux
260 _bDesign Media
300 _a320 p.
650 _aDISEÑO INDUSTRIAL
942 _cBK
999 _c10311
_d10311